[Event "TUR Cup										"]
[Site "Antalya"]
[Date "2018.02.03"]
[Round "11"]
[White "Baysan, Ersin"]
[Black "Giris, Ruchan"]
[Result "1/2-1/2"]
[WhiteElo "1881"]
[BlackElo "1794"]
[PlyCount "80"]
[EventDate "2018.01.27"]
[EventType "swiss"]
[EventRounds "11"]
[EventCountry "TUR"]
[SourceTitle "CBM 182 Extra"]
[Source "ChessBase"]
[SourceDate "2018.02.23"]
[SourceVersion "1"]
[SourceVersionDate "2018.02.23"]
[SourceQuality "1"]

1. d4 d5 2. c4 e6 3. Nc3 Nf6 4. Nf3 Be7 5. g3 0-0 6. Bg2 b6 7. 0-0 Bb7 8. b3 Nbd7 9. Ne5 c5 10. e3 Qc7 11. Nxd7 Qxd7 12. dxc5 bxc5 13. cxd5 exd5 14. Bb2 Rfd8 15. Qe2 d4 16. exd4 Bxg2 17. Kxg2 cxd4 18. Na4 d3 19. Qf3 d2 20. Rad1 Qd3 21. Bxf6 Bxf6 22. Nc5 Qxf3+ 23. Kxf3 Rac8 24. Ne4 Rc2 25. Ke2 Rxa2 26. Rxd2 Rdxd2+ 27. Nxd2 Bc3 28. Rd1 Kf8 29. Kd3 Bxd2 30. Rxd2 Rxd2+ 31. Kxd2 Ke7 32. Kc3 Kd6 33. Kd4 Kc6 34. f4 Kb5 35. Kc3 a5 36. g4 h6 37. h4 g6 38. Kd3 Kc5 39. Kc3 Kd5 40. Kd3 f6 1/2-1/2

[Event "TUR Cup										"]
[Site "Antalya"]
[Date "2018.02.02"]
[Round "10"]
[White "Kaplan, Ebru"]
[Black "Giris, Ruchan"]
[Result "0-1"]
[WhiteElo "1988"]
[BlackElo "1794"]
[PlyCount "122"]
[EventDate "2018.01.27"]
[EventType "swiss"]
[EventRounds "11"]
[EventCountry "TUR"]
[SourceTitle "CBM 182 Extra"]
[Source "ChessBase"]
[SourceDate "2018.02.23"]
[SourceVersion "1"]
[SourceVersionDate "2018.02.23"]
[SourceQuality "1"]

1. e4 d5 2. exd5 Qxd5 3. Nc3 Qd6 4. d4 c6 5. Nf3 Nf6 6. Ne5 Nbd7 7. f4 Nb6 8. g4 h5 9. g5 Ng4 10. Ne4 Qe6 11. Bg2 Nxe5 12. fxe5 Qg6 13. 0-0 Bg4 14. Qd3 e6 15. a4 Bf5 16. a5 Nd5 17. a6 b6 18. Bd2 Rc8 19. h4 Be7 20. c4 Nb4 21. Bxb4 Bxb4 22. Qe3 0-0 23. Ng3 Bc2 24. Rac1 Qd3 25. Qf2 Bb3 26. Be4 Qd2 27. Nxh5 Rcd8 28. Qf3 Rxd4 29. Nf6+ gxf6 30. gxf6 Qh6 31. Qxb3 Rxe4 32. Rc2 Bc5+ 33. Kg2 Rg4+ 34. Kf3 Qf4+ 35. Ke2 Rg2+ 36. Ke1 Qe4+ 37. Kd1 Rd8+ 38. Kc1 Rxc2+ 39. Qxc2 Qxc2+ 40. Kxc2 Rd4 41. Kc3 Rxh4 42. Rd1 Rh3+ 43. Kc2 b5 44. Rd8+ Kh7 45. Rd7 Kg6 46. Rc7 bxc4 47. Rxc6 Bd4 48. Rxc4 Bxe5 49. b4 Rh8 50. Kb3 Kxf6 51. Ka4 Rb8 52. Rc1 Ke7 53. b5 Bd4 54. Rc7+ Kf6 55. Rd7 e5 56. Rb7 Ra8 57. Kb4 Ke6 58. Kc4 Rc8+ 59. Kd3 f5 60. Rh7 Bb6 61. Rh6+ Kd5 0-1

[Event "TUR Cup										"]
[Site "Antalya"]
[Date "2018.01.28"]
[Round "2"]
[White "Giris, Ruchan"]
[Black "Uzuner, Tufan Can"]
[Result "0-1"]
[WhiteElo "1794"]
[BlackElo "1970"]
[PlyCount "144"]
[EventDate "2018.01.27"]
[EventType "swiss"]
[EventRounds "11"]
[EventCountry "TUR"]
[SourceTitle "CBM 182 Extra"]
[Source "ChessBase"]
[SourceDate "2018.02.23"]
[SourceVersion "1"]
[SourceVersionDate "2018.02.23"]
[SourceQuality "1"]

1. e4 c6 2. Nc3 d5 3. Nf3 Bg4 4. h3 Bxf3 5. Qxf3 Nf6 6. e5 Nfd7 7. d4 e6 8. Qg3 c5 9. dxc5 Nxc5 10. Bb5+ Nc6 11. Be3 Qc7 12. 0-0 a6 13. Bxc6+ Qxc6 14. f4 g6 15. Kh1 b5 16. a3 h5 17. Bxc5 Bxc5 18. Ne2 Bb6 19. c3 Qc4 20. Qf3 Rc8 21. Rfd1 Qc6 22. Nd4 Qd7 23. Qd3 Ke7 24. a4 Bxd4 25. cxd4 bxa4 26. Qa3+ Ke8 27. Qxa4 Rc6 28. Qb4 Qc8 29. Qa3 Kd7 30. b3 Qf8 31. Qa4 Qa8 32. Rdc1 Rhc8 33. Rxc6 Qxc6 34. Qxa6 Qxa6 35. Rxa6 Rb8 36. Ra7+ Ke8 37. Kg1 Rb4 38. Ra8+ Ke7 39. Ra7+ Kf8 40. Ra8+ Kg7 41. Ra4 Rxb3 42. Kf2 h4 43. Ke2 g5 44. fxg5 Kg6 45. Ra1 Rb2+ 46. Kf3 Kxg5 47. Rd1 Rb3+ 48. Ke2 Kf4 49. Rf1+ Ke4 50. Rxf7 Rb2+ 51. Kf1 Kxd4 52. Rf6 Kxe5 53. Rh6 Rb4 54. Rh5+ Kf6 55. Rh6+ Kf5 56. Rh5+ Kg6 57. Rh8 Re4 58. Kf2 Kg5 59. Kf3 Rf4+ 60. Ke3 Ra4 61. Re8 Kf5 62. Rh8 Ra3+ 63. Kf2 Ra4 64. Ke3 e5 65. Rh5+ Kf6 66. Rh6+ Kg5 67. Rd6 Ra3+ 68. Kf2 d4 69. Re6 Kf4 70. Rf6+ Ke4 71. Rh6 Ra2+ 72. Kf1 Ke3 0-1

[Event "TUR Cup										"]
[Site "Antalya"]
[Date "2018.01.27"]
[Round "1"]
[White "Yassibag, Yusuf"]
[Black "Giris, Ruchan"]
[Result "0-1"]
[WhiteElo "1202"]
[BlackElo "1794"]
[PlyCount "50"]
[EventDate "2018.01.27"]
[EventType "swiss"]
[EventRounds "11"]
[EventCountry "TUR"]
[SourceTitle "CBM 182 Extra"]
[Source "ChessBase"]
[SourceDate "2018.02.23"]
[SourceVersion "1"]
[SourceVersionDate "2018.02.23"]
[SourceQuality "1"]

1. c4 e6 2. Nc3 d5 3. e3 Nf6 4. Nf3 c6 5. Be2 Bd6 6. 0-0 0-0 7. b3 e5 8. d3 a6 9. Bb2 Re8 10. Qc2 Nbd7 11. Rfd1 Qc7 12. e4 d4 13. Nb1 c5 14. a4 Nb8 15. Nbd2 Nc6 16. Ba3 Nh5 17. Nf1 Nf4 18. Ng3 g6 19. Re1 Qe7 20. Rab1 Bc7 21. Rb2 Ba5 22. b4 cxb4 23. Bxb4 Nxb4 24. Rxb4 Bxb4 25. Rb1 a5 0-1

[Event "TUR-ch"]
[Site "Antalya"]
[Date "2013.02.05"]
[Round "5"]
[White "Giris, Ruchan"]
[Black "Arslan, Erdal"]
[Result "0-1"]
[WhiteElo "1742"]
[BlackElo "2067"]
[PlyCount "84"]
[EventDate "2013.02.02"]
[EventType "swiss"]
[EventRounds "11"]
[EventCountry "TUR"]
[SourceTitle "CBM 152 Extra"]
[Source "ChessBase"]
[SourceDate "2013.02.25"]
[SourceVersion "1"]
[SourceVersionDate "2013.02.25"]
[SourceQuality "1"]

1. e4 c5 2. Nf3 d6 3. d4 cxd4 4. Nxd4 Nf6 5. Nc3 a6 6. Be2 e6 7. Bg5 h6 8. Be3 b5 9. Bf3 e5 10. Nb3 Bb7 11. Qd2 Nbd7 12. 0-0-0 Qc7 13. Kb1 b4 14. Nd5 Bxd5 15. exd5 a5 16. Rhe1 Be7 17. Qd3 a4 18. Nd2 0-0 19. g4 Nc5 20. Qc4 Nfd7 21. g5 hxg5 22. h4 gxh4 23. Rg1 g6 24. Bg5 Bxg5 25. Rxg5 Kg7 26. Qxh4 b3 27. cxb3 axb3 28. a3 Nf6 29. Rc1 Qa5 30. Nc4 Qa6 31. Be2 Rh8 32. Qg3 Nce4 33. Qe3 Nxg5 34. Qxg5 Rac8 35. Qe3 Nxd5 36. Qxb3 Nf4 37. Bf1 d5 38. Nd2 Rxc1+ 39. Kxc1 Rh1 40. Qd1 Nd3+ 41. Kc2 e4 42. Qe2 Qc6+ 0-1

[Event "TUR-ch"]
[Site "Kemer"]
[Date "2011.02.12"]
[Round "9"]
[White "Giris, Ruchan"]
[Black "Gozubuyukoglu, Selami"]
[Result "1-0"]
[WhiteElo "1709"]
[BlackElo "1917"]
[PlyCount "114"]
[EventDate "2011.02.05"]
[EventType "swiss"]
[EventRounds "10"]
[EventCountry "TUR"]
[SourceTitle "CBM 140 Extra"]
[Source "ChessBase"]
[SourceDate "2011.03.01"]
[SourceVersion "1"]
[SourceVersionDate "2011.03.01"]
[SourceQuality "1"]

1. Nf3 c5 2. g3 Nf6 3. Bg2 d5 4. 0-0 Nc6 5. d3 e5 6. e4 d4 7. h3 b5 8. a4 b4 9. Nh4 Rb8 10. b3 a5 11. Kh2 g6 12. f4 Bd6 13. f5 Bf8 14. Bd2 Bg7 15. Qc1 0-0 16. Bh6 Rb6 17. Qg5 Nh5 18. Qxd8 Rxd8 19. Bxg7 Nxg7 20. g4 c4 21. Nd2 cxd3 22. cxd3 Ba6 23. Nc4 Bxc4 24. dxc4 Nb8 25. Nf3 f6 26. Ne1 gxf5 27. exf5 Na6 28. Nd3 Nc7 29. g5 Kf7 30. gxf6 Kxf6 31. Rae1 Re8 32. Nc5 Ra6 33. Nd7+ Kg5 34. f6 Rd6 35. f7 Rxd7 36. fxe8Q Ncxe8 37. Rxe5+ Kh6 38. Bc6 Rd8 39. Bxe8 Nxe8 40. Rd5 Rc8 41. Rxd4 Rc6 42. Rg1 Ng7 43. Rd5 Re6 44. Rxa5 Nh5 45. Rb5 Nf4 46. a5 Re2+ 47. Kg3 Ne6 48. Rxb4 Nd4 49. c5 Rd2 50. Rxd4 Rxd4 51. Rf1 Rb4 52. Rf6+ Kg5 53. Rb6 Rd4 54. c6 Rd3+ 55. Kf2 Kf4 56. Rb4+ Ke5 57. c7 Kd5 1-0